000 01770nam1a2200325 i 4500
001 RU\NLR\bibl\892641
005 20260407102642.0
035 _a(NLR Aleph) 000881132
090 _a1659643
_c1659643
100 _a20051222g20059999k y0rusy50 ca
101 0 _arus
102 _aRU
105 _a||||z |||||
200 1 _aГуманитарные науки: исследования и методика преподавания в высшей школе
_eматериалы Второй всероссийской научно-методической конференции, г. Сочи, 6-7 мая 2003 г.
_eв 2 ч.
_fотв. ред. А.А. Черкасов
210 _aСочи
_cРИО СГУТиКД
_d2005
215 _d21
300 _aВ надзаг.: М-во образования и науки Рос. Федерации, Соч. гос. ун-т туризма и курорт. дела, Социал.-пед. ин-т
463 0 _1001878749
463 0 _1001894449
606 _aОбщественные науки
_jСъезды, совещания и т.п.
_91112139
_3RU\NLR\auth\66119728
606 _aГуманитарные науки
_jСъезды, совещания и т.п.
_xПреподавание
_xВысшая школа
_92430077
_3RU\NLR\auth\661446485
686 _aС.я431
686 _aЧ486.302я431
702 1 _aЧеркасов
_bА. А.
_4340
712 0 2 _4570
_aСочинский государственный университет туризма и курортного дела
_bСоциально-педагогический институт
_3RU\NLR\AUTH\8810057561
_9616082
801 0 _aRU
_bNLR
_c20051222
_grcr
801 1 _aRU
_bNLR
_c20051222
852 _aNLR
_j2005-3/34218
942 _cBOOK